Ochrana spotrebiteľa na Slovensku bakalárska práca

Salvato in:
Dettagli Bibliografici
Autore principale: Žovicová, Dorota
Ente Autore: Fakulta podnikového manažmentu EU. Katedra podnikovohospodárska
Altri autori: Hrušovská, Dana, 1964-
Natura: Libro
Lingua:slovacco
Pubblicazione: Bratislava 2018
Tags: Aggiungi Tag
Nessun Tag, puoi essere il primo ad aggiungerne!!

MARC

LEADER 00000nbm a2200000 4500
001 0244942
005 20181009112705.7
041 0 |a slo 
044 |a SK 
245 1 0 |a Ochrana spotrebiteľa na Slovensku  |b bakalárska práca  |c Dorota Žovicová ; školiteľ: Dana Hrušovská 
264 1 |a Bratislava  |c 2018 
300 |a 43 s. 
100 1 |a Žovicová, Dorota 
700 1 |a Hrušovská, Dana, 1964- 
710 2 |a Fakulta podnikového manažmentu EU. Katedra podnikovohospodárska